Computer Networks (Record no. 1887)

MARC details
005 - DATE AND TIME OF LATEST TRANSACTION
control field 20250505133708.0
020 ## - INTERNATIONAL STANDARD BOOK NUMBER
International Standard Book Number 0-13-255317-1
082 ## - DEWEY DECIMAL CLASSIFICATION NUMBER
Classification number LECT 004.6 TAN
100 ## - MAIN ENTRY--PERSONAL NAME
Author name TANENBAUM, A. S.
245 ## - TITLE STATEMENT
Title Computer Networks
250 ## - EDITION STATEMENT
Edition statement 5th Ed.
260 ## - PUBLICATION, DISTRIBUTION, ETC.
Place of publication, distribution, etc. Boston,
Name of publisher, distributor, etc. Pearson,
Date of publication, distribution, etc. 2011.
300 ## - PHYSICAL DESCRIPTION
Extent 951p,: ill.; figure, table.
Other physical details Bibliography & Index.
Dimensions 23cm.
700 ## - ADDED ENTRY--PERSONAL NAME
Other authors/Editors WETHERALLA, D. J.
942 ## - ADDED ENTRY ELEMENTS (KOHA)
Source of classification or shelving scheme Dewey Decimal Classification
Koha item type Books
Holdings
Date last seen Total checkouts Full call number Barcode Cost, replacement price Price effective from Koha item type Lost status Source of classification or shelving scheme Damaged status Not for loan Withdrawn status Home library Current library Shelving location Date acquired Cost, normal purchase price
05/05/2025   LECT 004.6 TAN 0000007355 351000.00 05/05/2025 Books   Dewey Decimal Classification       College of Business Education Main Library College of Business Education Main Library General Collection 06/17/2014 117000.00
05/05/2025   LECT 004.6 TAN 0000007356 351000.00 05/05/2025 Books   Dewey Decimal Classification       College of Business Education Main Library College of Business Education Main Library General Collection 06/17/2014 117000.00
05/05/2025   LECT 004.6 TAN 0000007501 351000.00 05/05/2025 Books   Dewey Decimal Classification       College of Business Education Main Library College of Business Education Main Library General Collection 06/17/2014 117000.00